000 01263nam a22003497a 4500
003 CHAP
005 20220329141232.0
008 971010s1985 r 00010 d
010 _a64899
011 _a65871
035 _a73363
040 _cCHAP
082 0 4 _a581.4
_bE83Y 1985
100 0 0 _aEsau, Katherine.
_937377
245 1 _aAnatomía vegetal
260 _aBarcelona :
_bOmega,
_c1985
300 _a779 p.
500 _aTrad. de la 3 ed. en inglés, 1985
590 _aBATCH-UPD
_b10
_c20130110
_lUCH01
_h1050
590 _aBATCH-UPD
_b10
_c20130410
_lUCH01
_h0647
590 _aBATCH-UPD
_b10
_c20130914
_lUCH01
_h0326
590 _aCONVERSION
_b10
_c20130109
_lUCH01
_h1335
650 1 4 _aAnatomía vegetal.
_95495
650 1 4 _aCitología e histología vegetales.
_923495
901 _aBK
942 _cLIBRO
949 _a581.4 E83Y 1985
_bBC
_cESP
_d-142000
_eESP
_gI. 130270
_h67862
_i73363
_si
949 _a581.4 E83Y 1985
_bBC
_cLIBRO
_d33724000540803
_eLIBRO
_fc.3
_h67862
_i73363
_si
949 _a581.4 E83Y 1985
_bBC
_cLIBRO
_d33724000987756
_eLIBRO
_fc.4
_h87722
_i73363
_si
949 _a581.4 E83Y 1985
_bBC
_cLIBRO
_d33724002019446
_eLIBRO
_fc.2
_gI.130271
_h67863
_i73363
_si
949 _a581.4 E83Y 1985
_bBC
_cLIBRO
_d33724002019629
_eLIBRO
_fc.5
_h87723
_i73363
_so
999 _c64899
_d64899